[Event "RUS Cup tt"]
[Site "Sochi"]
[Date "2023.11.30"]
[Round "4.20"]
[White "Vasiliev, Artur"]
[Black "Skripnik, Dmitry"]
[Result "1-0"]
[WhiteElo "1906"]
[BlackElo "1775"]
[PlyCount "133"]
[EventDate "2023.11.27"]
[EventType "team-swiss"]
[EventRounds "7"]
[EventCountry "RUS"]
[SourceTitle "CB49_2023"]
[SourceDate "2023.12.06"]
[SourceVersion "1"]
[SourceVersionDate "2023.12.06"]
[SourceQuality "1"]
[WhiteTeam "Sakha Qkutiya II"]
[BlackTeam "Sbornaya LNR"]
[WhiteTeamCountry "RUS"]
[BlackTeamCountry "RUS"]

1. d4 Nf6 2. c4 e6 3. Nc3 d5 4. cxd5 exd5 5. Bg5 Bb4 6. e3 h6 7. Bh4 0-0 8. Bd3 c5 9. Nge2 Nc6 10. a3 Bxc3+ 11. bxc3 c4 12. Bc2 Re8 13. 0-0 Qd6 14. Bg3 Qe7 15. a4 Ne4 16. Kh1 Bd7 17. Bxe4 Qxe4 18. a5 Bf5 19. Nf4 g5 20. f3 Qc2 21. Nxd5 Qxd1 22. Rfxd1 Red8 23. e4 Rxd5 24. exd5 Ne7 25. d6 Nd5 26. Re1 Rd8 27. Rac1 f6 28. Re2 Kf7 29. Rb2 b6 30. axb6 axb6 31. Rb5 Be6 32. Ra1 Nxc3 33. Rxb6 Rd7 34. Rc6 Ne2 35. Rc7 c3 36. Be1 c2 37. Rxc2 Nxd4 38. Rc7 Nb5 39. Rxd7+ Bxd7 40. Bb4 Nd4 41. Rd1 Nc6 42. Bc5 Ke6 43. Kg1 h5 44. g3 Ne5 45. f4 gxf4 46. gxf4 Ng6 47. Be3 Nh4 48. Kf2 Nf5 49. Bc5 Bc6 50. Ba3 Bd7 51. Rd2 Bb5 52. Bc5 Kd7 53. Ke1 Nh4 54. Kd1 Ba4+ 55. Kc1 Bc6 56. Kb2 Nf5 57. Ka3 Ng7 58. Kb4 Ne6 59. Be3 Ng7 60. Ka5 Nf5 61. Bc5 Bf3 62. Kb6 Ng7 63. Ra2 Ne6 64. Ra7+ Kd8 65. f5 Nf8 66. Rf7 Ke8 67. Rxf8+ 1-0